00389nam a2200145Ia 4500008004000000020001600040082001300056100002400069245007900093250000500172260002900177300001200206440000600218650001900224210210b1971 xxu||||| |||| 00| 0 eng d a19 263125 X a611 ROMC aROMANES (G J), Rev. aCunningham's manual of practical anatomy. Ed 13. V II: Thorax and abdomen. a aLondonbELBS & OUPc1971 avii,271 a2 aThorax Abdomen